| 000 | 00359cam a2200145ua 4500 | ||
|---|---|---|---|
| 041 |
_aeng _h |
||
| 082 |
_a828.09 _bALL/WR |
||
| 100 | _aAllen, Walter . | ||
| 245 |
_aWriters on writing / _cWalter Allen. _hTextual Documents |
||
| 260 |
_aLondon : _bPheonix House Limited , _c1965. |
||
| 300 | _a258 ; . | ||
| 504 | _a | ||
| 942 | _cBK | ||
| 999 |
_c12635 _d12635 |
||